| 000 | 00647nam a2200205 a 4500 | ||
|---|---|---|---|
| 005 | 20250312063755.0 | ||
| 008 | 060803s1998 mx r 000 0 spa d | ||
| 020 | _a9688428051 | ||
| 035 | _aUPN01000145937 | ||
| 049 | _aCG | ||
| 050 | 4 |
_aJL1281 _bS2.3 |
|
| 100 | 1 | _aSalazar Adame, Florencio | |
| 245 | 1 | 3 |
_aEl cambio democrático : _ben una visión de partido / _cFlorencio Salazar Adame. |
| 260 |
_aMéxico : _bM. A. Porrúa, _c1998. |
||
| 300 | _a205 p. | ||
| 650 | 4 |
_aDEMOCRATIZACION - _zMEXICO _94505 |
|
| 610 | 2 | 4 |
_aPartido Revolucionario Institucional (México) _96042 |
| 651 | 4 |
_aGuerrero _xPolítica y gobierno _919692 |
|
| 905 | _aLibro | ||
| 999 |
_c118083 _d118083 |
||